<?xml version="1.0" encoding="UTF-8"?>
<record
    xmlns:xsi="http://www.w3.org/2001/XMLSchema-instance"
    xsi:schemaLocation="http://www.loc.gov/MARC21/slim http://www.loc.gov/standards/marcxml/schema/MARC21slim.xsd"
    xmlns="http://www.loc.gov/MARC21/slim">

  <leader>01774nam a2200313 a 4500</leader>
  <controlfield tag="001"> </controlfield>
  <controlfield tag="003">DO-SdBNP</controlfield>
  <controlfield tag="005">20220117094322.0</controlfield>
  <controlfield tag="008">130411s2012    dr      r     000 0 spa d</controlfield>
  <datafield tag="020" ind1=" " ind2=" ">
    <subfield code="a">9789945074482</subfield>
  </datafield>
  <datafield tag="040" ind1=" " ind2=" ">
    <subfield code="a">DO-SdBNP</subfield>
    <subfield code="b">spa</subfield>
    <subfield code="c">BPMSU </subfield>
  </datafield>
  <datafield tag="082" ind1=" " ind2=" ">
    <subfield code="a"> 972.904</subfield>
    <subfield code="b">F825r 2012</subfield>
    <subfield code="2">22</subfield>
  </datafield>
  <datafield tag="100" ind1="1" ind2=" ">
    <subfield code="a">Franco Ferr&#xE1;n, Jos&#xE9; Luciano,</subfield>
    <subfield code="d">1891-1906</subfield>
  </datafield>
  <datafield tag="245" ind1="1" ind2="0">
    <subfield code="a">Revoluciones y conflictos internacionales en el Caribe 1789-1854 /</subfield>
    <subfield code="c">Jos&#xE9; Luciano Franco Ferr&#xE1;n.</subfield>
  </datafield>
  <datafield tag="260" ind1=" " ind2=" ">
    <subfield code="a">Santo Domingo :</subfield>
    <subfield code="b">Archivo General de la Naci&#xF3;n,</subfield>
    <subfield code="c">2012.</subfield>
  </datafield>
  <datafield tag="300" ind1=" " ind2=" ">
    <subfield code="a">481 p. ;</subfield>
    <subfield code="c">23 cm.</subfield>
  </datafield>
  <datafield tag="490" ind1="0" ind2=" ">
    <subfield code="a">Archivo General de la Naci&#xF3;n, </subfield>
    <subfield code="v">154</subfield>
  </datafield>
  <datafield tag="500" ind1=" " ind2=" ">
    <subfield code="a">Incluye &#xED;ndice onom&#xE1;stico</subfield>
  </datafield>
  <datafield tag="500" ind1=" " ind2=" ">
    <subfield code="a">Incluye referencias bibliogr&#xE1;ficas y notas al pie de las p&#xE1;ginas</subfield>
  </datafield>
  <datafield tag="505" ind1=" " ind2=" ">
    <subfield code="a">Presentaci&#xF3;n a la senguda edicion 11 -- La revolucin llega al Caribe 17 -- El gobierno colonial de Cuba y las revoluciones de Hait&#xED; y Santo Domingo 31 -- Conflictos e intervenciones en Hait&#xED; y Santo Domingo 93 -- Las relaciones con Haiti, Santo Domingo durante el gobierno de Vives 167 -- Conjura negrera contra Hait&#xED;, Santo Domingo y Jamaica 201 -- Rebeldias populares y conjuras reaccionarias internacionales 301 -- La sombra de un nuevo imperio sobre El Caribe 321 -- Los conflictos en El Caribe y la misi&#xF3;n secreta de Torrente a Santo Domingo y Hait&#xED; 385 -- Fuentes documentales 453 -- Fuentes bibliogr&#xE1;ficas 453 -- Indice onom&#xE1;stico 459</subfield>
  </datafield>
  <datafield tag="590" ind1=" " ind2=" ">
    <subfield code="a">Inventariado, 2022/VM</subfield>
  </datafield>
  <datafield tag="650" ind1=" " ind2="4">
    <subfield code="a">Guerra </subfield>
    <subfield code="z">Caribe (Regi&#xF3;n)</subfield>
  </datafield>
  <datafield tag="650" ind1=" " ind2="4">
    <subfield code="a">Luchas sociales</subfield>
    <subfield code="z">Caribe (Regi&#xF3;n, Rep&#xFA;blica Dominicana)</subfield>
    <subfield code="x"> </subfield>
  </datafield>
  <datafield tag="650" ind1=" " ind2=" ">
    <subfield code="a"> Historia social </subfield>
  </datafield>
  <datafield tag="651" ind1=" " ind2="4">
    <subfield code="a">Caribe (Regi&#xF3;n) </subfield>
    <subfield code="x">Revoluciones </subfield>
    <subfield code="y">1789-1854</subfield>
  </datafield>
  <datafield tag="710" ind1="2" ind2=" ">
    <subfield code="a">Archivo General de la Naci&#xF3;n (Rep&#xFA;blica Dominicana)</subfield>
  </datafield>
  <datafield tag="910" ind1=" " ind2=" ">
    <subfield code="a">VMateo V. </subfield>
  </datafield>
  <datafield tag="942" ind1=" " ind2=" ">
    <subfield code="2">ddc</subfield>
    <subfield code="c">BK</subfield>
  </datafield>
  <datafield tag="952" ind1=" " ind2=" ">
    <subfield code="0">0</subfield>
    <subfield code="1">0</subfield>
    <subfield code="2">ddc</subfield>
    <subfield code="4">0</subfield>
    <subfield code="7">0</subfield>
    <subfield code="8">CD</subfield>
    <subfield code="a">BPMET</subfield>
    <subfield code="b">BPMET</subfield>
    <subfield code="d">2022-01-17</subfield>
    <subfield code="l">0</subfield>
    <subfield code="o">BPMSU CD 972.904 F825r 2012</subfield>
    <subfield code="p">BPMSU22010027</subfield>
    <subfield code="r">2022-01-17</subfield>
    <subfield code="w">2022-01-17</subfield>
    <subfield code="y">BK</subfield>
  </datafield>
  <datafield tag="999" ind1=" " ind2=" ">
    <subfield code="c">13947</subfield>
    <subfield code="d">13947</subfield>
  </datafield>
</record>
